QUEST Central Library Banner

Analysis of Technical and Non- Technical Losses of Operation Circle HESCO Nawabshah Remedial Measures (Record no. 68309)

MARC details
000 -LEADER
fixed length control field 00425nam a22001217a 4500
100 ## - MAIN ENTRY--AUTHOR NAME
Personal name Gulzar Ahmed Dasti
-- Supervisor - Dr Noor Ahmed Memon
245 ## - TITLE STATEMENT
Title Analysis of Technical and Non- Technical Losses of Operation Circle HESCO Nawabshah Remedial Measures
260 ## - PUBLICATION, DISTRIBUTION, ETC. (IMPRINT)
Place of publication Nawabshah
Name of publisher QUEST
Year of publication 2012
300 ## - PHYSICAL DESCRIPTION
Number of Pages 96p.
700 ## - ADDED ENTRY--PERSONAL NAME
Personal name Department of Electrical Engineering
856 ## - ELECTRONIC LOCATION AND ACCESS
Uniform Resource Identifier https://tinyurl.com/bdd9f7zz
942 ## - ADDED ENTRY ELEMENTS (KOHA)
Koha item type Thesis and Dissertation
Holdings
Withdrawn status Lost status Home library Current library Date acquired Accession Number Koha item type
    Research Section Research Section 21/03/2024 MP/01-01 Thesis and Dissertation

Copyright © 2018,The QUEST, Nawabshah, Shaheed Benazirabad. All rights reserved
Mr. G. Farooq Channar (Librarian) QUEST, Nawabshah, Sindh, Pakistan 67480.
 Ph#: |   0244-9370381-4 Ext. 2308   Email| lib@quest.edu.pk   Web|  http://www.quest.edu.pk